Елена Образцова в венской классической оперетте (Запись № 13285618)

Подробности
000 -МАРКЕР
контрольное поле 08828njm0a2200589 4500
001 - ИДЕНТИФИКАТОР ЗАПИСИ
контрольное поле RU\NLR\ONIZ\303334
005 - ИДЕНТИФИКАТОР ВЕРСИИ
контрольное поле 20250708194021.0
035 ## - ДРУГИЕ СИСТЕМНЫЕ НОМЕРА
Идентификатор записи (NLR Aleph) 022106679
071 00 - ИЗДАТЕЛЬСКИЙ НОМЕР
Номер, присвоенный агентством А10 00077-8 008
100 ## - ДАННЫЕ ОБЩЕЙ ОБРАБОТКИ
Данные общей обработки 20231221d1984 |||y0rusy50 ca
102 ## - СТРАНА ПУБЛИКАЦИИ ИЛИ ПРОИЗВОДСТВА
Страна публикации российская федерация
126 ## - ПОЛЕ КОДИРОВАННЫХ ДАННЫХ: ЗВУКОЗАПИСИ - ФИЗИЧЕСКИЕ ХАРАКТЕРИСТИКИ
Кодированные данные звукозаписи (общие) abbxexu ux
Кодированные данные звукозаписи (уточнения) xxx
127 ## - ПОЛЕ КОДИРОВАННЫХ ДАННЫХ: ПРОДОЛЖИТЕЛЬНОСТЬ ЗВУКОЗАПИСЕЙ И НОТНЫХ ИЗДАНИЙ (МУЗЫКАЛЬНОЕ ИСПОЛНЕНИЕ)
Продолжительность 003400
200 1# - ЗАГЛАВИЕ И СВЕДЕНИЯ ОБ ОТВЕТСТВЕННОСТИ
Основное заглавие Елена Образцова в венской классической оперетте
Общее обозначение материала Звукозапись
203 ## - ВИД СОДЕРЖАНИЯ И ТИП СРЕДСТВА
Вид содержания Музыка
Дополнительные сведения об издании исполнительская
Тип средства аудио
210 ## - ПУБЛИКАЦИЯ, РАСПРОСТРАНЕНИЕ И ДР.
Место издания, распространения и т.д. Москва
Имя издателя, распространителя и т. д. Мелодия
Дата издания, распространения и т.д. 1984
Имя изготовителя "Грамзапись"
Место изготовления Москва
215 ## - ФИЗИЧЕСКАЯ ХАРАКТЕРИСТИКА
Специфическое обозначение материала и объем 1 грп. [ГОСТ 5289-80] (34 мин) : 33 об/мин, стерео
Размеры 30 см, в конв
300 ## - ОБЩИЕ ПРИМЕЧАНИЯ
Текст примечания Запись 1983 г. (цифровая)
327 1# - ПРИМЕЧАНИЯ О СОДЕРЖАНИИ
Текст примечания 1. Хор из интродукции : ("Мартин-рудокоп") / К. Целлер.
-- 2. Дуэт Анжели и Рене : ("Граф Люксембург") / Ф. Легар.
-- 3. Песня Мартина с хором : ("Мартин-рудокоп") / К. Целлер.
-- 4. Дуэт Ганны и Данилы : ("Весёлая вдова") / Ф. Легар.
-- 5. Дуэт Саффи и Баринкая : ("Цыганский барон") / И. Штраус.
-- 6. Сцена и песня Ганны с хором : ("Весёлая вдова") / Ф. Легар ;
-- 7. Дуэт Анжели и Рене : ("Граф Люксембург") / Ф. Легар.
-- 8. Песня Адама с хором : ("Продавец птиц") / К. Целлер ; исполняют: Е. Образцова (2-8), И. Морозов, баритон (2, 4, 5, 7), Академический Большой хор Центрального телевидения и Всесоюзного радио, художественный руководитель Л. Ермакова (1, 3, 5, 6, 8), Большой симфонический оркестр Центрального телевидения и Всесоюзного радио, дирижёр А. Жюрайтис (1-8)
464 #0 - АНАЛИТИЧЕСКИЙ УРОВЕНЬ
Встроенное поле 2001#$aХор из интродукции$e("Мартин-рудокоп")$fК. Целлер
-- 50000$aМартин-рудокоп$iХор из интродукции$bЗвукозапись$lоперетта$rоркестр$rхор
-- 700#1$9z01790$aЦеллер$bК.$gКарл$f1842-1898$4230$7ca
-- 790#1$9z01700$aZeller$bC.$gCarl Adam Johann Nepomuk$f1842-1898$4230$7ba
Заглавие Хор из интродукции
Автор Целлер, Карл (1842-1898)
464 #0 - АНАЛИТИЧЕСКИЙ УРОВЕНЬ
Встроенное поле 2001#$aДуэт Анжели и Рене$e("Граф Люксембург", № 8)$fФ. Легар$gпартия Рене: И. Морозов, баритон
-- 50000$aГраф Люксембург$iДуэт Анжели и Рене № 8$bЗвукозапись$lоперетта$rбаритон$rмеццо-сопрано$rоркестр
-- 700#1$9z01790$aЛегар$bФ.$gФеренц (Франц)$f1870 - 1948$4230$7ca
-- 702#1$9z02790$aМорозов$bИ. А.$gИгорь Анатольевич$cбаритон$f1948-$4590$4vbr$7ca
-- 790#1$9z01700$aLehár$bF.$gFranz$f1870-1948$4230$7ba
-- 790#1$9z02702$aMorozov$bI.$gIgor`$cbaritone$f1948-$4590$4vbr$7ba
Заглавие Дуэт Анжели и Рене
Автор Легар, Ференц (Франц) (1870 - 1948)
464 #0 - АНАЛИТИЧЕСКИЙ УРОВЕНЬ
Встроенное поле 2001#$aПесня Мартина с хором$e("Мартин-рудокоп")$fК. Целлер
-- 50000$aМартин-рудокоп$iПесня Мартина с хором$bЗвукозапись$lоперетта$rмеццо-сопрано$rоркестр$rхор
-- 700#1$9z01790$aЦеллер$bК.$gКарл$f1842-1898$4230$7ca
-- 790#1$9z01700$aZeller$bC.$gCarl Adam Johann Nepomuk$f1842-1898$4230$7ba
Заглавие Песня Мартина с хором
Автор Целлер, Карл (1842-1898)
464 #0 - АНАЛИТИЧЕСКИЙ УРОВЕНЬ
Встроенное поле 2001#$aДуэт Ганны и Данилы$e("Весёлая вдова")$fФ. Легар$gпартия Данилы: И. Морозов, баритон
-- 50000$aВесёлая вдова$iДуэт Ганны и Данилы$bЗвукозапись$lоперетта$rбаритон$rмеццо-сопрано$rоркестр
-- 701#1$9z01790$aЛегар$bФ.$gФеренц (Франц)$f1870 - 1948$4230$7ca
-- 702#1$9z02790$aМорозов$bИ. А.$gИгорь Анатольевич$cбаритон$f1948-$4590$4vbr$7ca
-- 790#1$9z02702$aMorozov$bI.$gIgor`$cbaritone$f1948-$4590$4vbr$7ba
-- 790#1$9z01701$aLehár$bF.$gFranz$f1870-1948$4230$7ba
Заглавие Дуэт Ганны и Данилы
464 #0 - АНАЛИТИЧЕСКИЙ УРОВЕНЬ
Встроенное поле 2001#$aДуэт Саффи и Баринкая$e("Цыганский барон")$fИ. Штраус$gпартия Баринкая: И. Морозов, баритон
-- 50000$aЦыганский барон$iДуэт Саффи и Баринкая$bЗвукозапись$lоперетта$rбаритон$rмеццо-сопрано$rоркестр
-- 700#1$9z01790$aШтраус (сын)$bИ.$gИоганн$f1825-1899$4230$7ca
-- 702#1$9z02790$aМорозов$bИ. А.$gИгорь Анатольевич$cбаритон$f1948-$4590$4vbr$7ca
-- 790#1$9z01700$aStrauß$bJ.$gJohann$f1825-1899$4230$7ba
-- 790#1$9z02702$aMorozov$bI.$gIgor`$cbaritone$f1948-$4590$4vbr$7ba
Заглавие Дуэт Саффи и Баринкая
Автор Штраус (сын), Иоганн (1825-1899)
464 #0 - АНАЛИТИЧЕСКИЙ УРОВЕНЬ
Встроенное поле 2001#$aСцена и песня Ганны с хором$e("Весёлая вдова")$fФ. Легар
-- 50000$aВесёлая вдова$iСцена и песня Ганны с хором$bЗвукозапись$lоперетта$rмеццо-сопрано$rоркестр$rхор
-- 700#1$9z01790$aЛегар$bФ.$gФеренц (Франц)$f1870 - 1948$4230$7ca
-- 790#1$9z01700$aLehár$bF.$gFranz$f1870-1948$4230$7ba
Заглавие Сцена и песня Ганны с хором
Автор Легар, Ференц (Франц) (1870 - 1948)
464 #0 - АНАЛИТИЧЕСКИЙ УРОВЕНЬ
Встроенное поле 2001#$aПесня Адама с хором$e("Продавец птиц")$fК. Целлер
-- 50000$aПродавец птиц$iПесня Адама с хором$bЗвукозапись$lоперетта$rмеццо-сопрано$rоркестр$rхор
-- 700#1$9z01790$aЦеллер$bК.$gКарл$f1842-1898$4230$7ca
-- 790#1$9z01700$aZeller$bC.$gCarl Adam Johann Nepomuk$f1842-1898$4230$7ba
Заглавие Песня Адама с хором
Автор Целлер, Карл (1842-1898)
464 #0 - АНАЛИТИЧЕСКИЙ УРОВЕНЬ
Встроенное поле 2001#$aДуэт Анжели и Рене$e("Граф Люксембург", № 11)$fФ. Легар$gпартия баритона: И. Морозов
-- 50000$aГраф Люксембург$iДуэт Анжели и Рене № 11$bЗвукозапись$lоперетта$rбаритон$rмеццо-сопрано$rоркестр
-- 700#1$9z01790$aЛегар$bФ.$gФеренц (Франц)$f1870 - 1948$4230$7ca
-- 702#1$9z02790$aМорозов$bИ. А.$gИгорь Анатольевич$cбаритон$f1948-$4590$4vbr$7ca
-- 790#1$9z01700$aLehár$bF.$gFranz$f1870-1948$4230$7ba
-- 790#1$9z02702$aMorozov$bI.$gIgor`$cbaritone$f1948-$4590$4vbr$7ba
Заглавие Дуэт Анжели и Рене
Автор Легар, Ференц (Франц) (1870 - 1948)
606 1# - НАИМЕНОВАНИЕ ТЕМЫ КАК ПРЕДМЕТ
Наименование темы Музыка вокальная для меццо-сопрано и оркестра из оперетт австрийская
Хронологический подзаголовок 19 век
Формальный подзаголовок Звукозапись
Код системы nlr_sh
606 1# - НАИМЕНОВАНИЕ ТЕМЫ КАК ПРЕДМЕТ
Наименование темы Дирижёры советские литовские
Хронологический подзаголовок 20-21 вв.
Формальный подзаголовок Звукозапись
Код системы nlr_sh
606 1# - НАИМЕНОВАНИЕ ТЕМЫ КАК ПРЕДМЕТ
Наименование темы Хормейстеры советские и российские
Хронологический подзаголовок 20-21 вв.
Формальный подзаголовок Звукозапись
Код системы nlr_sh
606 1# - НАИМЕНОВАНИЕ ТЕМЫ КАК ПРЕДМЕТ
Наименование темы Хоры смешанные советские и российские
Хронологический подзаголовок 20-21 вв.
Формальный подзаголовок Звукозапись
Код системы nlr_sh
606 1# - НАИМЕНОВАНИЕ ТЕМЫ КАК ПРЕДМЕТ
Наименование темы Оркестры симфонические советские и российские
Хронологический подзаголовок 20-21 вв.
Формальный подзаголовок Звукозапись
Код системы nlr_sh
686 0# - ИНДЕКСЫ ДРУГИХ КЛАССИФИКАЦИЙ
Индекс Щ943.2, 8(2)
686 0# - ИНДЕКСЫ ДРУГИХ КЛАССИФИКАЦИЙ
Индекс Щ943.2-073я43(4А)
686 0# - ИНДЕКСЫ ДРУГИХ КЛАССИФИКАЦИЙ
Индекс Щ973я43(4А)
700 #1 - ИМЯ ЛИЦА - ПЕРВИЧНАЯ ОТВЕТСТВЕННОСТЬ
Системный номер авторитетной/нормативной записи z01790
Начальный элемент ввода Образцова
Часть имени, кроме начального элемента ввода Е. В.
Дополнения к именам, кроме дат меццо-сопрано
Даты 1939-2015
Расширение инициалов личного имени Елена Васильевна
Код отношения Исполнитель
--
702 #1 - ИМЯ ЛИЦА - ВТОРИЧНАЯ ОТВЕТСТВЕННОСТЬ
Системный номер авторитетной/нормативной записи z03790
Начальный элемент ввода Жюрайтис
Часть имени, кроме начального элемента ввода А.
Дополнения к именам, кроме дат дирижёр
Даты 1928-1998
Расширение инициалов личного имени Альгис
Код отношения Дирижер, Руководитель оркестра
Графика поля Кириллица
702 #1 - ИМЯ ЛИЦА - ВТОРИЧНАЯ ОТВЕТСТВЕННОСТЬ
Системный номер авторитетной/нормативной записи z04790
Начальный элемент ввода Ермакова
Часть имени, кроме начального элемента ввода Л. В.
Дополнения к именам, кроме дат рук.хора
Даты 1927-2008
Расширение инициалов личного имени Людмила Владимировна
Код отношения Дирижер, Руководитель оркестра
Графика поля Кириллица
712 02 - НАИМЕНОВАНИЕ ОРГАНИЗАЦИИ - ВТОРИЧНАЯ ОТВЕТСТВЕННОСТЬ
Начальный элемент ввода Большой симфонический оркестр ЦТ и ВР
Код отношения Исполнитель
Графика поля Латинская
712 02 - НАИМЕНОВАНИЕ ОРГАНИЗАЦИИ - ВТОРИЧНАЯ ОТВЕТСТВЕННОСТЬ
Начальный элемент ввода Академический большой хор ЦТ и ВР
Код отношения Исполнитель
Графика поля Кириллица
790 #1 - ИМЯ ЛИЦА - АЛЬТЕРНАТИВНАЯ ФОРМА
Системный номер авторитетной/нормативной записи z01700
Начальный элемент ввода Obrazcova
Часть имени, кроме начального элемента ввода E.
Дополнения к именам, кроме дат mezzo-soprano
Даты 1939-2015
Расширение инициалов личного имени Elena
Код отношения Исполнитель
--
Графика поля Латинская
790 #1 - ИМЯ ЛИЦА - АЛЬТЕРНАТИВНАЯ ФОРМА
Системный номер авторитетной/нормативной записи z03702
Начальный элемент ввода Žiūraitis
Часть имени, кроме начального элемента ввода A.
Даты 1928-1998
Расширение инициалов личного имени Algis
Код отношения Дирижер, Руководитель оркестра
Графика поля Латинская
790 #1 - ИМЯ ЛИЦА - АЛЬТЕРНАТИВНАЯ ФОРМА
Системный номер авторитетной/нормативной записи z04702
Начальный элемент ввода Ermakova
Часть имени, кроме начального элемента ввода L.
Дополнения к именам, кроме дат chormeister
Даты 1927-2008
Расширение инициалов личного имени Ljudmila
Код отношения Дирижер, Руководитель оркестра
Графика поля Латинская
801 #0 - ИСТОЧНИК ЗАПИСИ
Страна российская федерация
Организация NLR
Дата составления 20231221
Правила каталогизации PSBO
801 #1 - ИСТОЧНИК ЗАПИСИ
Страна российская федерация
Организация NLR
Дата составления 20231221
Источник данных rusmarc
801 #2 - ИСТОЧНИК ЗАПИСИ
Страна российская федерация
Организация NLR
Дата составления 20240103
852 ## - МЕСТОНАХОЖДЕНИЕ И ШИФР ХРАНЕНИЯ
Идентификатор организации NLR
Наименование фонда или коллекции (Sub-Location Identifier) Мг
Шифр хранения (Call Number) 3/8693
Страна
Номер экземпляра 1
942 ## - ДОПОЛНИТЕЛЬНЫЕ ЭЛЕМЕНТЫ ЗАПИСИ (АБИС)
Тип экземпляра АБИС Звукозапись
980 ## - КОЛЛЕКЦИЯ
Название коллекции Национальная библиография
980 ## - КОЛЛЕКЦИЯ
Название коллекции Отдел нот и звукозаписей
Экземпляры
Тип экземпляра Дата поступления Библиотека постоянного хранения Библиотека текущего хранения Место хранения Шифр хранения Статус не для выдачи
Звукозапись 21.12.2023 РНБ (Московский) РНБ (Московский) Фонд нот и звукозаписей 3/8693 3/8693